TOP 20 des meilleurs joueurs sur Fifa 23 - Statistiques

Statistiques générales
  • Ce quiz a été pris 1 548 fois
  • Le résultat moyen est 11 sur 20
Statistiques - réponses
Position Réponse % Correct
3 Mbappé
98%
1 Messi
98%
6 Christiano Ronaldo
94%
4 Karim Benzema
78%
15 Neymar
78%
5 Kevin De Bruyne
74%
2 Rober Lewandowski
70%
7 Mohammed Salah
63%
18 Sadio Mané
56%
9 Virgil van Dijk
54%
8 Manuel Neuer
53%
20 Harry Kane
49%
11 Ederson
44%
13 N'Golo Kanté
40%
19 Heung Min Son
36%
17 Joshua Kimmich
36%
14 Jan Oblak
35%
12 Casemiro
30%
16 Alisson Becker
8%
10 Thibaut Courtois
6%
Aucun quiz correspondant
Distribution des résultats
% des personnes avec chaque résultat
Percentile par nombre de réponses
Votre historique - résultats
Vous n’avez pas pris ce quiz